The grapes of wrath

Truyện đã được dịch ra tiếng Việt với tựa đề: " Chùm nho uất hận " và " Chùm nho phẫn nộ "

সংরক্ষণ করুন:
গ্রন্থ-পঞ্জীর বিবরন
প্রধান লেখক: Steinbeck, John
বিন্যাস: গ্রন্থ
ভাষা:Undetermined
প্রকাশিত: New York Everyman's Library 1993
বিষয়গুলি:
ট্যাগগুলো: ট্যাগ যুক্ত করুন
কোনো ট্যাগ নেই, প্রথমজন হিসাবে ট্যাগ করুন!
Thư viện lưu trữ: Trung tâm Học liệu Trường Đại học Cần Thơ
LEADER 00673nam a2200193Ia 4500
001 CTU_13708
008 210402s9999 xx 000 0 und d
082 |a 813.52 
082 |b S819 
100 |a Steinbeck, John 
245 4 |a The grapes of wrath 
245 0 |c John Steinbeck 
260 |a New York 
260 |b Everyman's Library 
260 |c 1993 
520 |a Truyện đã được dịch ra tiếng Việt với tựa đề: " Chùm nho uất hận " và " Chùm nho phẫn nộ " 
650 |a american fiction - 20th century 
904 |i Nguyễn Quang Điền, 961212 
980 |a Trung tâm Học liệu Trường Đại học Cần Thơ